000 00292nam a22001337a 4500
008 170221b xxu||||| |||| 00| 0 eng d
020 _a0929661079
041 _aeng
080 _a615
100 _a5
101 _aSHF
245 _aJOHNS HOPKINS HANBOOK DRUGS
_cMARGOLIS .S
942 _2udc
_cBK
999 _c5993
_d5993